| 000 | 01896nam a22002297a 4500 | ||
|---|---|---|---|
| 001 | 6661 | ||
| 003 | FISKH | ||
| 005 | 20250519140529.0 | ||
| 008 | 250519b cb ||||| |||| 00| 0 eng d | ||
| 040 |
_aFISKH _bkhr _cFISKH _dFISKH |
||
| 082 | _a550 | ||
| 100 | _aSopheak, Ouch | ||
| 245 |
_aផែនដីនិងបរិស្ថានវិទ្យា ថ្នាក់ទី១០ : _bសំណួរ-ចម្លើយគ្រប់មេរៀន / _cអ៊ូច សុភ័ក្រ |
||
| 260 |
_aភ្នំពេញ : _bសា អុីម , _c២០១៣ . |
||
| 300 |
_a98 pages : _billustrations ; _c15 cm . |
||
| 520 | _aវិស័យផែនដី និងបរិស្ថានវិទ្យាសម្រាប់ថ្នាក់ទី១០ ផ្តោតទៅលើការយល់ដឹងអំពីសមាសធាតុផែនដី, ចលនា និងផលប៉ះពាល់របស់វាព្រមទាំងការយកចិត្តទុកដាក់លើការរក្សាទុកបរិស្ថាន។ វាផ្តល់ឱ្យនិស្សិតឱកាសយល់ដឹងពីការរីកចម្រើននៃផែនដី និងវិធានការដើម្បីការពារបរិស្ថានសម្រាប់អនាគត។ | ||
| 520 | _aEarth Science and Environmental Science for Grade 10 focuses on understanding the components of the Earth, their movements, and their impacts, with a strong emphasis on environmental conservation. It provides students with knowledge of Earth's evolution and strategies for protecting the environment for future generations. | ||
| 650 | _aផែនដី និងបរិស្ថានវិទ្យា | ||
| 650 | _aGeology and Environmental Science | ||
| 942 |
_2ddc _cKHB _n0 |
||
| 999 |
_c6661 _d6661 |
||